Responses for show #1800 - Friday, May 29, 1992

Contestants

Stuart Wald, a law student from New Orleans, Louisiana

Judy Senecal, a medical techologist from Montreal, Canada

Bernard Welt, a teacher from Takoma Park, Maryland (whose 1-day cash winnings total $13,000)

Jeopardy! Round responses

SHIPS
FOOD FACTS
KING ARTHUR
NATURE
MISC.
"KEY"s
    $100 3
Santa Maria

Bernard
    $100 14
life

Stuart
    $100 8
Merlin

Stuart
    $100 26
(Bernard: What are toads?)

lizards

BernardJudy
    $100 17
Niagara Falls

Judy
    $100 1
the Keystone state

Bernard
    $200 6
Magellan

Bernard
    $200 18
an onion

Bernard
    $200 9
the Holy Grail

Judy
    $200 27
hounds

Judy
    $200 20
eighteen

Stuart
    $200 2
Key West

Stuart
    $300 13
the Queen Mary

Judy
    $300 19
a stew

Stuart
    $300 10
Lancelot

Bernard
    $300 28
a bird

Stuart
    $300 21
neon

Stuart
    $300 4
a key club

Bernard
    $400 15
(Alex: The famous [*].)

the Beagle

Stuart
    $400 24
butter

Bernard
    $400 11
a sword in the stone

Stuart
    $400 29
a gazelle

Stuart
    $400 22
(Bernard: What is A Voyage to the Moon?)
(Judy: What is Around the World in Eighty Days?)

From the Earth to the Moon

BernardJudyStuart
    $400 5
a skeleton key

Stuart
    $500 16
(Stuart: Nuclear attack [*].)

(nuclear) submarines

Stuart
    $500 25
(Stuart: What are clams?)

shrimp

JudyStuart
    $1,000 12
Avalon

Stuart
    $500 30
the cheetah

Stuart
    $500 23
Dartmouth

Bernard
    $500 7
Francis Scott Key

Stuart

Scores at the first commercial break (after clue 15):

Bernard Judy Stuart
$1,000 $500 $3,100

Scores at the end of the Jeopardy! Round:

Bernard Judy Stuart
$1,600 $1,000 $5,500

Double Jeopardy! Round responses

SCIENCE
CHILDREN'S LITERATURE
WYOMING
FIGURE SKATERS
ORGANIZED LABOR
THE MIDDLE AGES
    $200 1
a centimeter

Stuart
    $200 13
their shoes

Bernard
    $200 4
South Dakota

Bernard
    $200 22
(Bernard: Who is Tai Babilonia?)

Debbie Thomas

BernardStuart
    $200 11
arbitration

Bernard
    $200 2
Marco Polo

Stuart
    $400 18
one-half

Stuart
    $400 14
Green Gables

Bernard
    $400 5
Cheyenne

Bernard
    $400 27
Katarina Witt

Stuart
    $400 12
the National Labor Relations Board

Bernard
    $400 3
Africa

Bernard
    $1,100 19
Kohoutek

Stuart
    $600 15
Old Mother Hubbard

Triple Stumper
    $600 6
(Stuart: What is the Yellowstone River?)

the Snake River

Stuart
Triple Stumper
    $600 28
Canada

Bernard
    $600 23
(Stuart: What is sixty-five?)

seventy

BernardStuart
    $600 8
Prince of Wales

Bernard
    $800 20
atoms

Judy
    $800 16
Scheherazade

Bernard
    $800 7
the Union Pacific

Stuart
    $800 29
Randy Gardner

Bernard
    $800 24
(Judy: What is Detroit?)

Pittsburgh

BernardJudy
    $800 9
(Judy: What is the Holy Roman Empire?)

the Byzantine Empire

JudyStuart
    $1000 21
shellac

Triple Stumper
    $1000 17
Paris

Stuart
    $1000 26
Alan Simpson (or Malcolm Wallop)

Stuart
    $1000 30
camel

Judy
    $2,000 25
the United Autoworkers Union

Bernard
    $1000 10
the Hanseatic League

Stuart

Scores at the end of the Double Jeopardy! Round:

Bernard Judy Stuart
$9,800 $1,200 $11,400

[wagering suggestions for these scores]

Final Jeopardy! Round responses

VICE PRESIDENTS
JudyWho was Truman
$1,100
BernardWho was Henry Wallace?
$9,700
StuartWho was Henry Wallace?
$8,300
Henry Wallace

Final scores:

Bernard Judy Stuart
$19,500 $100 $19,700
2nd place: Berkline sofa and a signed serograph 3rd place: Carey Limousine and a Nintendo Entertainment System with games (including Super Jeopardy! & Wheel of Fortune featuring Vanna White) New champion: $19,700

Game dynamics:

Coryat scores:

Bernard Judy Stuart
$8,800 $1,200 $10,400
22 R
(including 1 DD),
3 W
8 R,
3 W
27 R
(including 2 DDs),
3 W

Combined Coryat: $20,400

The J! Archive is created by fans, for fans. The Jeopardy! game show and all elements thereof, including but not limited to copyright and trademark thereto, are the property of Jeopardy Productions, Inc. and are protected under law. This website is not affiliated with, sponsored by, or operated by Jeopardy Productions, Inc. Join the discussion at JBoard.tv.